| 000 | 00696nam a2200241Ia 4500 | ||
|---|---|---|---|
| 008 | 180523s9999 xx 000 0 und d | ||
| 020 | _a0-07-141435-5 | ||
| 050 | _aMAIN HD 62.7 | ||
| 050 | _b.H57 2004 c.1 | ||
| 100 | _aHisrich, Robert D. | ||
| 245 | 0 | _aSmall business solutions : | |
| 245 | 0 | _bhow to fix and prevent the 13 biggest problems that derail business / | |
| 245 | 0 | _cRobert D. Hisrich. | |
| 260 | _aNew York : | ||
| 260 | _bMcGraw-Hill, | ||
| 260 | _c2004 | ||
| 300 | _a215 pages : | ||
| 300 | _c23 cm. | ||
| 500 | _aIncludes index. | ||
| 650 | _aEntrepreneurship. | ||
| 650 | _aSmall business -- Management. | ||
| 650 | _xNew business enterprises -- Management. | ||
| 999 |
_c356949 _d356949 |
||